[Event "69. UEM Sen"]
[Site "Schweinfurt / Germany"]
[Date "2018.04.04"]
[Round "4.3"]
[White "Völker, Joachim"]
[Black "Hofmann, Matthias"]
[Result "1/2-1/2"]
[WhiteElo "1758"]
[BlackElo "1719"]
[Annotator "Lukas, Norbert"]
[PlyCount "42"]
[EventDate "2018.04.02"]
[EventType "swiss"]
[EventRounds "7"]
[EventCountry "GER"]
[SourceTitle "69. UEM"]
[Source "SK SW 2000 e.V."]
[SourceDate "2018.04.08"]
[SourceVersion "1"]
[SourceVersionDate "2018.04.08"]
[SourceQuality "1"]
[WhiteTeam "Schachklub Schweinfurt 2000 e.V."]
[BlackTeam "TSV Lengfeld 1876 e.V."]

1. e4 e6 2. d4 d5 3. Nd2 c5 4. c3 Nc6 5. Bd3 Bd7 6. Ngf3 Qb6 7. dxc5 Bxc5 8.
O-O Nf6 9. exd5 Nxd5 10. Ne4 Be7 11. Bc4 Rd8 12. Qc2 Nf6 13. Be3 Qc7 14. Rad1
Na5 15. Nxf6+ Bxf6 16. Be2 h6 17. c4 O-O 18. b4 Nc6 19. Bc5 Be7 20. Bxe7 Nxe7
21. Rd2 Bc8 1/2-1/2

[Event "69. UEM Sen"]
[Site "Schweinfurt / Germany"]
[Date "2018.04.05"]
[Round "5.5"]
[White "Wirth, Reinhard"]
[Black "Schmitt, Wolfgang Max"]
[Result "1/2-1/2"]
[WhiteElo "1715"]
[BlackElo "1692"]
[Annotator "Lukas, Norbert"]
[PlyCount "34"]
[EventDate "2018.04.02"]
[EventType "swiss"]
[EventRounds "7"]
[EventCountry "GER"]
[SourceTitle "69. UEM"]
[Source "SK SW 2000 e.V."]
[SourceDate "2018.04.08"]
[SourceVersion "1"]
[SourceVersionDate "2018.04.08"]
[SourceQuality "1"]
[WhiteTeam "SC 1947 Bergrheinfeld"]
[BlackTeam "SK 1933 Bad Neustadt"]

1. e4 e5 2. Nf3 Nc6 3. Bb5 d6 4. c3 a6 5. Ba4 Bg4 6. d3 Bxf3 7. Qxf3 Qf6 8. Nd2
g6 9. Nf1 Bg7 10. Ne3 Qxf3 11. gxf3 b5 12. Bb3 Nce7 13. Bd2 Nf6 14. Ng4 Nxg4
15. fxg4 c6 16. f4 f6 17. f5 g5 1/2-1/2

[Event "69. UEM Sen"]
[Site "Schweinfurt / Germany"]
[Date "2018.04.05"]
[Round "5.2"]
[White "Lang, Stefan"]
[Black "Nußbaumer, Hans"]
[Result "1/2-1/2"]
[WhiteElo "2089"]
[BlackElo "1871"]
[Annotator "Lukas, Norbert"]
[PlyCount "74"]
[EventDate "2018.04.02"]
[EventType "swiss"]
[EventRounds "7"]
[EventCountry "GER"]
[SourceTitle "69. UEM"]
[Source "SK SW 2000 e.V."]
[SourceDate "2018.04.08"]
[SourceVersion "1"]
[SourceVersionDate "2018.04.08"]
[SourceQuality "1"]
[WhiteTeam "SK 1933 Bad Neustadt"]
[BlackTeam "SC Kitzingen von 1905"]

1. d4 d5 2. Nf3 Nf6 3. c4 e6 4. Nc3 c6 5. Bg5 Be7 6. e3 Nbd7 7. Qc2 O-O 8. h3
b6 9. a3 Bb7 10. cxd5 exd5 11. Bd3 h6 12. Bf4 Rc8 13. Qe2 b5 14. O-O a6 15. g4
g5 16. Bh2 c5 17. Bc2 Re8 18. Rad1 Bf8 19. Bf5 Qb6 20. Be5 Rcd8 21. dxc5 Qxc5
22. Bd4 Qc6 23. Rc1 Qd6 24. Kg2 Bg7 25. Rh1 Nf8 26. h4 Ne6 27. hxg5 hxg5 28.
Be5 Qb6 29. Nd4 Nf8 30. Bg3 Ng6 31. Qc2 Ne4 32. Nce2 Nxg3 33. Kxg3 Qd6+ 34. Kg2
Nh4+ 35. Rxh4 gxh4 36. Rh1 Qf6 37. Rh3 Bc8 1/2-1/2

[Event "69. UEM Sen"]
[Site "Schweinfurt / Germany"]
[Date "2018.04.05"]
[Round "5.6"]
[White "Gerhard, Georg"]
[Black "Reichert, Josef"]
[Result "0-1"]
[WhiteElo "1208"]
[BlackElo "1532"]
[Annotator "Lukas, Norbert"]
[PlyCount "78"]
[EventDate "2018.04.02"]
[EventType "swiss"]
[EventRounds "7"]
[EventCountry "GER"]
[SourceTitle "69. UEM"]
[Source "SK SW 2000 e.V."]
[SourceDate "2018.04.08"]
[SourceVersion "1"]
[SourceVersionDate "2018.04.08"]
[SourceQuality "1"]
[WhiteTeam "TSV 1895 Karlburg e.V."]
[BlackTeam "SC Maßbach 1951"]

1. e4 c5 2. Nf3 d6 3. Bb5+ Bd7 4. Qe2 a6 5. Bxd7+ Nxd7 6. c3 Qc7 7. O-O e6 8.
b3 Ngf6 9. Bb2 Be7 10. d4 O-O 11. Nbd2 Rfc8 12. Rac1 b5 13. c4 b4 14. d5 exd5
15. cxd5 Re8 16. Qd3 Bf8 17. Rfe1 Ng4 18. h3 Nge5 19. Nxe5 Nxe5 20. Bxe5 Rxe5
21. f4 Re6 22. Nf3 Qb6 23. Kf1 Qb5 24. Qxb5 axb5 25. Ra1 f6 26. f5 Ra7 27. Re2
Rae7 28. Nd2 g6 29. g4 gxf5 30. gxf5 Bh6 31. Rd1 Bxd2 32. Rdxd2 Rxe4 33. Rxe4
Rxe4 34. Re2 Re5 35. Rxe5 fxe5 36. Ke2 Kf7 37. Ke3 Kf6 38. Ke4 h6 39. h4 h5 0-1

[Event "69. UEM Sen"]
[Site "Schweinfurt / Germany"]
[Date "2018.04.05"]
[Round "5.1"]
[White "Hinterleitner, Gerhard"]
[Black "Neubauer, Jaroslaus"]
[Result "1-0"]
[WhiteElo "1733"]
[BlackElo "2010"]
[Annotator "Lukas, Norbert"]
[PlyCount "79"]
[EventDate "2018.04.02"]
[EventType "swiss"]
[EventRounds "7"]
[EventCountry "GER"]
[SourceTitle "69. UEM"]
[Source "SK SW 2000 e.V."]
[SourceDate "2018.04.08"]
[SourceVersion "1"]
[SourceVersionDate "2018.04.08"]
[SourceQuality "1"]
[WhiteTeam "SF Zeiler Turm"]
[BlackTeam "Schachklub Schweinfurt 2000 e.V."]

1. d4 Nf6 2. c4 g6 3. Nc3 d5 4. cxd5 Nxd5 5. e4 Nxc3 6. bxc3 Bg7 7. Bc4 O-O 8.
Ne2 c5 9. O-O Nc6 10. Be3 Na5 11. Bd3 c4 12. Bc2 b6 13. Qd2 e5 14. f4 exf4 15.
Bxf4 Re8 16. Ng3 b5 17. Rad1 Bg4 18. Rb1 a6 19. e5 f6 20. exf6 Bxf6 21. Bc7
Bxd4+ 22. Qxd4 Qxd4+ 23. cxd4 Nc6 24. Ne4 Rf8 25. Nf6+ Rxf6 26. Rxf6 Nxd4 27.
Be4 Ne2+ 28. Kf2 Re8 29. Bd5+ Kg7 30. Rf7+ Kh6 31. Re1 c3 32. h3 c2 33. hxg4 g5
34. Rf6+ Kg7 35. Rc6 Nd4 36. Rxe8 Nxc6 37. Re1 Nb4 38. Be5+ Kg6 39. Be4+ Kf7
40. Bc3 1-0

[Event "69. UEM Sen"]
[Site "Schweinfurt / Germany"]
[Date "2018.04.05"]
[Round "5.3"]
[White "Völker, Joachim"]
[Black "Wiener, Horst"]
[Result "0-1"]
[WhiteElo "1758"]
[BlackElo "1946"]
[Annotator "Lukas, Norbert"]
[PlyCount "46"]
[EventDate "2018.04.02"]
[EventType "swiss"]
[EventRounds "7"]
[EventCountry "GER"]
[SourceTitle "69. UEM"]
[Source "SK SW 2000 e.V."]
[SourceDate "2018.04.08"]
[SourceVersion "1"]
[SourceVersionDate "2018.04.08"]
[SourceQuality "1"]
[WhiteTeam "Schachklub Schweinfurt 2000 e.V."]
[BlackTeam "Schachklub Schweinfurt 2000 e.V."]

1. e4 c5 2. c3 d5 3. exd5 Qxd5 4. d4 e5 5. Nf3 Bg4 6. Be2 Bxf3 7. Bxf3 e4 8.
Be2 Nc6 9. dxc5 Qxd1+ 10. Bxd1 Bxc5 11. O-O f5 12. Nd2 O-O-O 13. Nb3 Bb6 14.
Be2 Nge7 15. Bg5 h6 16. Bxe7 Nxe7 17. Rad1 Nc6 18. Bc4 Rhe8 19. Bb5 Rxd1 20.
Rxd1 e3 21. fxe3 Rxe3 22. Kf1 Ne5 23. Re1 Ng4 0-1

[Event "69. UEM Sen"]
[Site "Schweinfurt / Germany"]
[Date "2018.04.05"]
[Round "5.4"]
[White "Hofmann, Matthias"]
[Black "Memmel, Günther"]
[Result "1/2-1/2"]
[WhiteElo "1719"]
[BlackElo "1876"]
[Annotator "Lukas, Norbert"]
[PlyCount "47"]
[EventDate "2018.04.02"]
[EventType "swiss"]
[EventRounds "7"]
[EventCountry "GER"]
[SourceTitle "69. UEM"]
[Source "SK SW 2000 e.V."]
[SourceDate "2018.04.08"]
[SourceVersion "1"]
[SourceVersionDate "2018.04.08"]
[SourceQuality "1"]
[WhiteTeam "TSV Lengfeld 1876 e.V."]
[BlackTeam "Schachklub Schweinfurt 2000 e.V."]

1. e4 c5 2. Nc3 Nc6 3. d3 Nf6 4. Bg5 e6 5. f4 h6 6. Bh4 Be7 7. Nf3 Nxe4 8. Nxe4
Bxh4+ 9. g3 Be7 10. Bg2 Qa5+ 11. Kf2 d5 12. Ned2 Bf6 13. c3 b5 14. Nb3 Qb6 15.
d4 cxd4 16. cxd4 Be7 17. Re1 O-O 18. Rc1 Bb7 19. Bf1 Rac8 20. Bd3 Nb4 21. Bb1
Rxc1 22. Qxc1 Rc8 23. Qd2 g6 24. a3 1/2-1/2

[Event "69. UEM Sen"]
[Site "Schweinfurt / Germany"]
[Date "2018.04.06"]
[Round "6.5"]
[White "Wirth, Reinhard"]
[Black "Völker, Joachim"]
[Result "1/2-1/2"]
[WhiteElo "1715"]
[BlackElo "1758"]
[Annotator "Lukas, Norbert"]
[PlyCount "41"]
[EventDate "2018.04.02"]
[EventType "swiss"]
[EventRounds "7"]
[EventCountry "GER"]
[SourceTitle "69. UEM"]
[Source "SK SW 2000 e.V."]
[SourceDate "2018.04.08"]
[SourceVersion "1"]
[SourceVersionDate "2018.04.08"]
[SourceQuality "1"]
[WhiteTeam "SC 1947 Bergrheinfeld"]
[BlackTeam "Schachklub Schweinfurt 2000 e.V."]

1. e4 e6 2. d4 d5 3. Nd2 Nf6 4. e5 Nfd7 5. Bd3 c5 6. c3 Nc6 7. Ne2 Qb6 8. O-O
cxd4 9. cxd4 Nxd4 10. Nxd4 Qxd4 11. Nf3 Qb6 12. Qa4 Qc7 13. Bd2 Be7 14. Rac1
Qd8 15. Bb4 Bxb4 16. Qxb4 Nb6 17. Qg4 Kf8 18. Ng5 h6 19. Nh7+ Kg8 20. Nf6+ Kf8
21. Nh7+ 1/2-1/2

[Event "69. UEM Sen"]
[Site "Schweinfurt / Germany"]
[Date "2018.04.06"]
[Round "6.3"]
[White "Nußbaumer, Hans"]
[Black "Hofmann, Matthias"]
[Result "1-0"]
[WhiteElo "1871"]
[BlackElo "1719"]
[Annotator "Lukas, Norbert"]
[PlyCount "147"]
[EventDate "2018.04.02"]
[EventType "swiss"]
[EventRounds "7"]
[EventCountry "GER"]
[SourceTitle "69. UEM"]
[Source "SK SW 2000 e.V."]
[SourceDate "2018.04.08"]
[SourceVersion "1"]
[SourceVersionDate "2018.04.08"]
[SourceQuality "1"]
[WhiteTeam "SC Kitzingen von 1905"]
[BlackTeam "TSV Lengfeld 1876 e.V."]

1. e4 e6 2. d4 d5 3. e5 c5 4. c3 Nc6 5. Nf3 Qb6 6. Bd3 Bd7 7. dxc5 Bxc5 8. Qe2
a5 9. O-O Nge7 10. Nbd2 Ng6 11. Nb3 Be7 12. Nbd4 Qc7 13. Re1 Bc5 14. h4 Nge7
15. Bf4 a4 16. Bg3 Bxd4 17. cxd4 Qb6 18. Bb5 Ra5 19. Bxc6 Bxc6 20. Bf4 O-O 21.
Bd2 Raa8 22. Bc3 Rfc8 23. a3 Bb5 24. Qd2 Qd8 25. g3 Nc6 26. Ng5 h6 27. Nh3 Ne7
28. Nf4 Rc4 29. Ng2 Nf5 30. Ne3 Nxe3 31. Rxe3 Rac8 32. Rf3 Qe8 33. Qf4 R4c7 34.
Re1 Kh7 35. g4 g6 36. Qd2 Qg8 37. Rf6 Qg7 38. Kh2 Kh8 39. Rg1 Rg8 40. Rg3 Kh7
41. Qe3 Bd7 42. Rgf3 Bc6 43. Bd2 Rf8 44. Qd3 Kh8 45. Qe3 Kh7 46. Qf4 Be8 47.
Ba5 Rc8 48. Qe3 Rc4 49. Qd3 Kh8 50. Bb4 Rg8 51. Rg3 Bb5 52. Qd2 Rc7 53. Bc5
Rgc8 54. Qa5 Bc6 55. Qb4 Rd7 56. Be7 Re8 57. Rxe6 Kh7 58. Bf6 Qg8 59. Rxe8 Qxe8
60. Qd2 Rc7 61. Qc2 Rc8 62. h5 Qg8 63. Qd3 Bd7 64. g5 Bf5 65. Qe3 Rc2 66. b4
axb3 67. Qxb3 Rxf2+ 68. Kg1 Rd2 69. Qxd5 Be6 70. Qxb7 Rxd4 71. Kf2 Qc8 72.
hxg6+ Kxg6 73. gxh6+ Kf5 74. Rg5+ 1-0

[Event "69. UEM Sen"]
[Site "Schweinfurt / Germany"]
[Date "2018.04.06"]
[Round "6.4"]
[White "Memmel, Günther"]
[Black "Reichert, Josef"]
[Result "1-0"]
[WhiteElo "1876"]
[BlackElo "1532"]
[Annotator "Lukas, Norbert"]
[PlyCount "43"]
[EventDate "2018.04.02"]
[EventType "swiss"]
[EventRounds "7"]
[EventCountry "GER"]
[SourceTitle "69. UEM"]
[Source "SK SW 2000 e.V."]
[SourceDate "2018.04.08"]
[SourceVersion "1"]
[SourceVersionDate "2018.04.08"]
[SourceQuality "1"]
[WhiteTeam "Schachklub Schweinfurt 2000 e.V."]
[BlackTeam "SC Maßbach 1951"]

1. e4 c5 2. Nf3 d6 3. Bb5+ Bd7 4. Bxd7+ Qxd7 5. Nc3 Nc6 6. d3 e6 7. Be3 Nf6 8.
O-O Be7 9. h3 O-O 10. d4 cxd4 11. Nxd4 Rfc8 12. f4 Nxd4 13. Bxd4 Qc6 14. Re1 d5
15. exd5 Nxd5 16. f5 Nxc3 17. Qg4 g6 18. fxg6 hxg6 19. Bxc3 Bc5+ 20. Kh1 Qd5
21. Re5 Qd8 22. Rh5 1-0

[Event "69. UEM Sen"]
[Site "Schweinfurt / Germany"]
[Date "2018.04.06"]
[Round "6.2"]
[White "Hinterleitner, Gerhard"]
[Black "Lang, Stefan"]
[Result "0-1"]
[WhiteElo "1733"]
[BlackElo "2089"]
[Annotator "Lukas, Norbert"]
[PlyCount "104"]
[EventDate "2018.04.02"]
[EventType "swiss"]
[EventRounds "7"]
[EventCountry "GER"]
[SourceTitle "69. UEM"]
[Source "SK SW 2000 e.V."]
[SourceDate "2018.04.08"]
[SourceVersion "1"]
[SourceVersionDate "2018.04.08"]
[SourceQuality "1"]
[WhiteTeam "SF Zeiler Turm"]
[BlackTeam "SK 1933 Bad Neustadt"]

1. d4 Nf6 2. c4 c5 3. d5 b5 4. cxb5 a6 5. b6 Qxb6 6. Nc3 g6 7. g3 d6 8. Bg2 Bg7
9. e4 O-O 10. h3 Nbd7 11. Nf3 Ne8 12. Qc2 Nc7 13. O-O Nb5 14. Be3 Qc7 15. Rfd1
Rb8 16. Rab1 Ne5 17. Nxe5 Bxe5 18. Ne2 Qd8 19. Rdc1 Bg7 20. a4 Nd4 21. Bxd4
cxd4 22. Qd2 Qb6 23. Rd1 f5 24. Nxd4 fxe4 25. a5 Qc5 26. Nc6 Rb7 27. b4 Qc3 28.
Qxc3 Bxc3 29. Bf1 Rc7 30. Rdc1 Bd2 31. Rc2 e3 32. Rb3 Bf5 33. Rcb2 Bxh3 34. Bd3
Rxf2 35. b5 axb5 36. a6 e2 37. Bxe2 Rxe2 38. a7 Rxa7 39. Nxa7 Be3+ 40. Kh1 Rxb2
41. Rxb2 Bxa7 42. Rxb5 Bc5 43. Kh2 Bf5 44. Rb2 Kf7 45. Rd2 Kf6 46. Re2 h5 47.
Kg2 Bd4 48. Re1 Be5 49. Kf2 Kg5 50. Kg2 Bc2 51. Re2 Bb3 52. Rd2 Kf5 0-1

[Event "69. UEM Sen"]
[Site "Schweinfurt / Germany"]
[Date "2018.04.06"]
[Round "6.6"]
[White "Schmitt, Wolfgang Max"]
[Black "Gerhard, Georg"]
[Result "1-0"]
[WhiteElo "1692"]
[BlackElo "1208"]
[Annotator "Lukas, Norbert"]
[PlyCount "47"]
[EventDate "2018.04.02"]
[EventType "swiss"]
[EventRounds "7"]
[EventCountry "GER"]
[SourceTitle "69. UEM"]
[Source "SK SW 2000 e.V."]
[SourceDate "2018.04.08"]
[SourceVersion "1"]
[SourceVersionDate "2018.04.08"]
[SourceQuality "1"]
[WhiteTeam "SK 1933 Bad Neustadt"]
[BlackTeam "TSV 1895 Karlburg e.V."]

1. f4 e5 2. e4 exf4 3. Nf3 g5 4. Bc4 Bg7 5. c3 h6 6. d4 Ne7 7. Na3 O-O 8. h4 g4
9. Ne5 d6 10. Nxg4 Ng6 11. h5 Nh4 12. Rg1 Re8 13. Bd3 f5 14. Nxh6+ Bxh6 15. e5
dxe5 16. dxe5 Rxe5+ 17. Kf1 Rd5 18. Bc4 Be6 19. Bxd5 Bxd5 20. Qd4 c5 21. Qxc5
Nd7 22. Qxd5+ Kh7 23. g3 fxg3 24. Qf7+ 1-0

[Event "69. UEM Sen"]
[Site "Schweinfurt / Germany"]
[Date "2018.04.06"]
[Round "6.1"]
[White "Wiener, Horst"]
[Black "Neubauer, Jaroslaus"]
[Result "0-1"]
[WhiteElo "1946"]
[BlackElo "2010"]
[Annotator "Lukas, Norbert"]
[PlyCount "144"]
[EventDate "2018.04.02"]
[EventType "swiss"]
[EventRounds "7"]
[EventCountry "GER"]
[SourceTitle "69. UEM"]
[Source "SK SW 2000 e.V."]
[SourceDate "2018.04.08"]
[SourceVersion "1"]
[SourceVersionDate "2018.04.08"]
[SourceQuality "1"]
[WhiteTeam "Schachklub Schweinfurt 2000 e.V."]
[BlackTeam "Schachklub Schweinfurt 2000 e.V."]

1. d4 Nf6 2. c4 g6 3. g3 Bg7 4. Bg2 c6 5. Nc3 d5 6. b3 O-O 7. Bb2 dxc4 8. bxc4
Nbd7 9. Nf3 Nb6 10. c5 Nbd5 11. O-O Nxc3 12. Bxc3 Nd5 13. Bd2 f5 14. e3 a5 15.
a4 h6 16. Rb1 g5 17. Qb3 Kh8 18. Ne5 Bxe5 19. dxe5 e6 20. Rfd1 Qe7 21. Qc2 Qc7
22. Bc1 Bd7 23. e4 fxe4 24. Bxe4 Be8 25. h4 Bh5 26. Rf1 gxh4 27. Bxh6 Rg8 28.
Rb3 Qf7 29. Qb1 Rab8 30. Kh2 Be2 31. Rg1 Qh5 32. Kg2 Qxh6 33. Rh1 h3+ 34. Kg1
Rg5 35. Bxd5 exd5 36. Re3 Bg4 37. e6 d4 38. Qb2 Qf6 39. Re4 Bxe6 40. Rxd4 Qg7
41. Rh4+ Kg8 42. Qa3 Rd8 43. Kh2 Qf6 44. Qe3 Rf8 45. Rf4 Rf5 46. Rg1 Bd5 47.
Rg4+ Kf7 48. f4 Re8 49. Qf2 Qe6 50. Rg5 Rxg5 51. fxg5+ Kg6 52. Re1 Be4 53. Qd4
Qf5 54. Qd2 Re6 55. Re2 Qxg5 56. Qd7 Qd5 57. Qc8 Kg5 58. Qh8 Qe5 59. Qh4+ Kg6
60. Qg4+ Kh6 61. Qh4+ Kg7 62. Qg4+ Kf7 63. Rf2+ Ke7 64. Qg8 Kd7 65. Qa8 Kc7 66.
Qxa5+ Kd7 67. Qb6 Kc8 68. Qa7 Re8 69. a5 Qb8 70. Qb6 Bd3 71. a6 Bxa6 72. Qb1
Qe5 0-1

[Event "69. UEM Sen"]
[Site "Schweinfurt / Germany"]
[Date "2018.04.07"]
[Round "7.4"]
[White "Wiener, Horst"]
[Black "Wirth, Reinhard"]
[Result "1-0"]
[WhiteElo "1946"]
[BlackElo "1715"]
[Annotator "Lukas, Norbert"]
[PlyCount "24"]
[EventDate "2018.04.02"]
[EventType "swiss"]
[EventRounds "7"]
[EventCountry "GER"]
[SourceTitle "69. UEM"]
[Source "SK SW 2000 e.V."]
[SourceDate "2018.04.08"]
[SourceVersion "1"]
[SourceVersionDate "2018.04.08"]
[SourceQuality "1"]
[WhiteTeam "Schachklub Schweinfurt 2000 e.V."]
[BlackTeam "SC 1947 Bergrheinfeld"]

1. e4 e5 2. Nf3 Nc6 3. Bc4 Nf6 4. Ng5 Bc5 5. d4 Bxd4 6. Bxf7+ Ke7 7. Bd5 Nxd5
8. exd5 Nb8 9. d6+ cxd6 10. O-O Qf8 11. c3 Bb6 12. Be3 h6 1-0

[Event "69. UEM Sen"]
[Site "Schweinfurt / Germany"]
[Date "2018.04.07"]
[Round "7.1"]
[White "Memmel, Günther"]
[Black "Nußbaumer, Hans"]
[Result "1/2-1/2"]
[WhiteElo "1876"]
[BlackElo "1871"]
[Annotator "Lukas, Norbert"]
[PlyCount "26"]
[EventDate "2018.04.02"]
[EventType "swiss"]
[EventRounds "7"]
[EventCountry "GER"]
[SourceTitle "69. UEM"]
[Source "SK SW 2000 e.V."]
[SourceDate "2018.04.08"]
[SourceVersion "1"]
[SourceVersionDate "2018.04.08"]
[SourceQuality "1"]
[WhiteTeam "Schachklub Schweinfurt 2000 e.V."]
[BlackTeam "SC Kitzingen von 1905"]

1. e4 Nf6 2. Nc3 e5 3. Nf3 Nc6 4. Bb5 Bc5 5. O-O d6 6. d4 exd4 7. Nxd4 Bd7 8.
Nb3 Bb6 9. Nd5 Nxd5 10. exd5 Ne5 11. Bxd7+ Qxd7 12. Bf4 O-O 13. Nd4 Rae8
1/2-1/2

[Event "69. UEM Sen"]
[Site "Schweinfurt / Germany"]
[Date "2018.04.07"]
[Round "7.3"]
[White "Schmitt, Wolfgang Max"]
[Black "Hinterleitner, Gerhard"]
[Result "1/2-1/2"]
[WhiteElo "1692"]
[BlackElo "1733"]
[Annotator "Lukas, Norbert"]
[PlyCount "33"]
[EventDate "2018.04.02"]
[EventType "swiss"]
[EventRounds "7"]
[EventCountry "GER"]
[SourceTitle "69. UEM"]
[Source "SK SW 2000 e.V."]
[SourceDate "2018.04.08"]
[SourceVersion "1"]
[SourceVersionDate "2018.04.08"]
[SourceQuality "1"]
[WhiteTeam "SK 1933 Bad Neustadt"]
[BlackTeam "SF Zeiler Turm"]

1. f4 d5 2. Nf3 Nf6 3. d4 e6 4. e3 c5 5. c3 Bd6 6. Bd3 O-O 7. O-O Nbd7 8. Ne5
g6 9. Nd2 Ne8 10. Nxd7 Bxd7 11. Nf3 f6 12. Bd2 Qe7 13. Qe1 e5 14. fxe5 fxe5 15.
dxe5 Bxe5 16. Nxe5 Rxf1+ 17. Qxf1 1/2-1/2

[Event "69. UEM Sen"]
[Site "Schweinfurt / Germany"]
[Date "2018.04.07"]
[Round "7.2"]
[White "Lang, Stefan"]
[Black "Völker, Joachim"]
[Result "1-0"]
[WhiteElo "2089"]
[BlackElo "1758"]
[Annotator "Lukas, Norbert"]
[PlyCount "43"]
[EventDate "2018.04.02"]
[EventType "swiss"]
[EventRounds "7"]
[EventCountry "GER"]
[SourceTitle "69. UEM"]
[Source "SK SW 2000 e.V."]
[SourceDate "2018.04.08"]
[SourceVersion "1"]
[SourceVersionDate "2018.04.08"]
[SourceQuality "1"]
[WhiteTeam "SK 1933 Bad Neustadt"]
[BlackTeam "Schachklub Schweinfurt 2000 e.V."]

1. d4 d5 2. Nf3 Nf6 3. c4 e6 4. Bg5 c5 5. cxd5 exd5 6. Nc3 Be6 7. Rc1 Qa5 8.
Bxf6 gxf6 9. g3 Nc6 10. Bg2 c4 11. a3 b5 12. O-O Rd8 13. Re1 Bh6 14. e3 Ne7 15.
Nh4 a6 16. Qh5 Bg7 17. Rcd1 Qc7 18. h3 Rd6 19. e4 Qd7 20. exd5 Bxh3 21. Bxh3
Qxh3 22. Rxe7+ 1-0

[Event "69. UEM Sen"]
[Site "Schweinfurt / Germany"]
[Date "2018.04.07"]
[Round "7.5"]
[White "Hofmann, Matthias"]
[Black "Gerhard, Georg"]
[Result "1-0"]
[WhiteElo "1719"]
[BlackElo "1208"]
[Annotator "Lukas, Norbert"]
[PlyCount "111"]
[EventDate "2018.04.02"]
[EventType "swiss"]
[EventRounds "7"]
[EventCountry "GER"]
[SourceTitle "69. UEM"]
[Source "SK SW 2000 e.V."]
[SourceDate "2018.04.08"]
[SourceVersion "1"]
[SourceVersionDate "2018.04.08"]
[SourceQuality "1"]
[WhiteTeam "TSV Lengfeld 1876 e.V."]
[BlackTeam "TSV 1895 Karlburg e.V."]

1. e4 c5 2. Nc3 d6 3. d3 Nc6 4. Bg5 f6 5. Bh4 e5 6. Nge2 Be6 7. f4 Qd7 8. f5
Bf7 9. Bf2 O-O-O 10. Na4 d5 11. Nxc5 Bxc5 12. Bxc5 Nge7 13. Bxe7 Qxe7 14. Qc1
g6 15. Ng3 h5 16. h4 Kb8 17. a3 Rdg8 18. Be2 Be8 19. Bf3 d4 20. Qd2 g5 21. Nf1
g4 22. Be2 Qg7 23. Bd1 Qh6 24. c3 Qxd2+ 25. Kxd2 Bf7 26. c4 Rc8 27. b4 Rc7 28.
Ng3 b6 29. Rb1 Kb7 30. Ba4 Rcc8 31. Rb2 Be8 32. Rhb1 Ka8 33. Bb3 Rb8 34. Bd1
Rb7 35. Bb3 Rb8 36. Ne2 Rb7 37. Nc1 Bd7 38. Bd1 Rbb8 39. a4 a5 40. b5 Nb4 41.
Nb3 Rhc8 42. Rc1 Kb7 43. c5 Be8 44. c6+ Ka7 45. Ke2 Rc7 46. Nd2 Bf7 47. Bb3
Bxb3 48. Nxb3 Rbc8 49. g3 Rd8 50. Nd2 Rdc8 51. Rcb1 Rd8 52. Nc4 Kb8 53. Nxb6
Ka7 54. Nc4 Kb8 55. Nxa5 Ra7 56. Nb7 1-0